UBT Library

Ikja nga Kompleksi i Rozafës (Record no. 60895)

000 -LEADER
fixed length control field 00303nam a22001337a 4500
008 - FIXED-LENGTH DATA ELEMENTS--GENERAL INFORMATION
fixed length control field 260313b ||||| |||| 00| 0 eng d
020 ## - INTERNATIONAL STANDARD BOOK NUMBER
International Standard Book Number 0000100278
041 ## - LANGUAGE CODE
Language code of text/sound track or separate title eng
080 ## - UNIVERSAL DECIMAL CLASSIFICATION NUMBER
Universal Decimal Classification number 11.1
100 ## - Rafti
Rafti 20.1
101 ## - Shkurtesa
Shkurtesa ngjarje
245 ## - TITLE STATEMENT
Title Ikja nga Kompleksi i Rozafës
Statement of responsibility, etc Artan Fuga
942 ## - ADDED ENTRY ELEMENTS (KOHA)
Source of classification or shelving scheme
Item type Books
Holdings
Withdrawn status Lost status Source of classification or shelving scheme Damaged status Not for loan Collection code Permanent location Current location Date acquired Total Checkouts Barcode Date last seen Price effective from Koha item type
          Koleksioni i përgjithshem UBT - Lipjan UBT - Lipjan 03/26/2026   003-800070999482 03/26/2026 03/26/2026 Books
          Koleksioni i përgjithshem UBT - Prishtine UBT - Prishtine 03/13/2026   003-800070999169 03/13/2026 03/13/2026 Books
          Koleksioni i përgjithshem UBT - Prishtine UBT - Prishtine 03/13/2026   003-800070999170 03/13/2026 03/13/2026 Books
UBT Library © 2015-2024. All rights reserved University Education for Business and Technology